000 00767nam a22001697a 4500
008 140903b xxu||||| |||| 00| 0 eng d
020 _a9789719210085
050 _aJA 92
_b.H842 2013
245 _aHouse of the people :
_bbastion of change /
_cPhilippines. Congress (1987- ). House of Representatives.
260 _aQuezon City, Philippines :
_bHouse of Representatives,
_cc2013.
300 _a374 pages :
_bcolor illustrations ;
_c31 cm.
440 _aHouse of the people
_n(2013) 15th Congress of the Republic of the Philippines
650 _aPhilippines
_xCongress (1987- )
_xHouse of Representatives.
650 _aPhilippines.
_xHouse of Representatives
_xBiography.
_yCongress (1987- )
650 _aPhilippines
_xPolitics and government.
_y1986-
942 _2lcc
_cBK
999 _c275408
_d275408